A collector's guide to minerals and gemstones

Bewaard in:
Bibliografische gegevens
Hoofdauteur: Boegel, Hellmuth
Formaat: Boek
Taal:Spaans
Gepubliceerd in: London, England, United Kingdom Thames and Hudson 1971
Onderwerpen:
Tags: Voeg label toe
Geen labels, Wees de eerste die dit record labelt!

MARC

LEADER 00000nam a2200000 a 4500
001 UCO4788
003 CL-VaPUC
005 20230105074233.0
008 000811e19710000UK |||||||||||||||||spa|d
999 |c 290782  |d 290780 
040 |c Pontificia Universidad Católica de Valparaíso 
082 0 4 |a 549 BOE 1971  |2 21 
100 0 |a Boegel, Hellmuth  |9 449421 
245 1 2 |a A collector's guide to minerals and gemstones 
260 0 3 |a London, England, United Kingdom  |b Thames and Hudson  |c 1971 
300 |a 304 páginas 
500 |a Contiene 154 ilustraciones en color 
583 |a last modification  |c 20000811 00:00:00  |k Rodrigo Vera 
650 0 |a Minerales   |9 264051 
650 7 |a PIEDRAS PRECIOSAS  |2 CL-VaPUC  |9 267056 
650 0 |a Mineralogía  |9 267055 
942 |c BK  |2 ddc 
945 |d 20000811 00:00:00  |a crobeson 
952 |0 0  |1 0  |2 ddc  |4 0  |6 549_000000000000000_BOE_1971  |7 0  |8 A  |9 340357  |a BIBART  |b BIBART  |d 2019-11-20  |i 1215868  |o 549 BOE 1971  |p 1215868  |r 2025-03-13  |t 1  |w 2019-11-20  |y BK  |k ART